000 00544nam a2200181Ia 4500
005 20250508152337.0
008 008 250505s9999 xx 000 0 eng d
037 _aTextual
040 _aFEDL
_beng
_cFEDL
041 _aeng
_2eng
084 _a954.03, GAN
_qFEDL
100 _aGanguly D C
_9102994
245 0 _aSelect documents of British period of Indian history
260 _aCalcutta, India
_bThe Trustees of the Victoria Memorial
_c1958
300 _a251p.
942 _cTEXL
_h954.03, GAN
999 _c1335822
_d1335822